1451 1115 1402 1392 1375 1368 1510 1853 1286 1240 1381 1902 1618 1869 1936 1296 1163 1491 1530 1594 1792 1370 1986 1594 1408 1584 1233 1978 1295 1939 1657 1618 1646 1384 1992 1080 1942 1086 1674 1199 1514 1871 1268 1599 1694 1795 1773 1170 1521 1594 1533 1297 1124 1402 1063 1879 1384 1325 1597 1215 1462 1641 1422 1653 1365 1457 1920 1373 1138 1842 1376 1779 1470 1412 1028 1358 1638 1725 1810 1004 1623 1073 1216 1587 1222 1556 1149 1358 1439 1687 1399 1959 1043 1097 1060 1027 1564 1226 1548 BCNSPRNW ULIB Ver.6.0+V

เปลี่ยนเป็นภาษาไทย

Change to English
 แสดงรายละเอียดบรรณานุกรม
  กลับหน้าหลัก

Brief Record : Get Marc (ISO 2709) : E-mail record : QR code < ปิดหน้าต่าง
LEADER : 00000nas 2200000uu 4500
001    13399127759
003     ULIB
008    210630s2564||||th 000 0 tha d
022 0  ^a27739031
245 00 ^aวารสารการวิจัยการพยาบาลและการสาธารณสุข = Journal of Nursing and Public Health Research/^c;วิทยาลัยพยาบาลบรมราชชนนี เชียงใหม่
310    ^aรายสี่เดือน
850 ^a ULIB^bปีที่ 1 ฉบับที่ 1 ฉ.1
945    ^p0^l0^i905762
999    ^aประนอม เกษจรัล
รายการนี้ยังไม่มีแท็ก
คุณยังไม่ได้ล็อกอิน คุณสามารถมีกิจกรรมร่วมกับเว็บไซต์ได้ แต่ต้องล็อกอินก่อน ::
  ล็อกอิน

รายการสื่อสารสนเทศ (วารสาร)

ดูแบบ: กล่อง รายการ
ARRIVED
ปีที่ 1 ฉบับที่ 1 ฉ.1
สถานที่: ห้องสมุดวิทยาเขตสวรรค์ประชารักษ์ >วารสาร

BibComment


ยังไม่เคยถูกคอมเมนท์

คอมเมนท์ทรัพยากรรายการนี้
  คอมเมนท์: วารสารการวิจัยกา..


 Copyright 2026. Bcnsprnw @Library